Como dirigi a Bibliotheca Nacional (Record no. 63763)
[ view plain ]
| 000 -LEADER | |
|---|---|
| campo de control de longitud fija | 00577nam a2200169 i 4500 |
| 001 - NÚMERO DE CONTROL | |
| campo de control | 63763 |
| 003 - IDENTIFICADOR DE NÚMERO DE CONTROL | |
| campo de control | ES-MaACL |
| 005 - FECHA Y HORA DE LA ÚLTIMA TRANSACCIÓN | |
| campo de control | 20250930063056.0 |
| 007 - CAMPO FIJO DE DESCRIPCIÓN FÍSICA--INFORMACIÓN GENERAL | |
| campo de control de longitud fija | t| |
| 008 - DATOS DE LONGITUD FIJA--INFORMACIÓN GENERAL | |
| campo de control de longitud fija | 031216s1919 po ||||1| por d |
| 100 1# - ENTRADA PRINCIPAL--NOMBRE DE PERSONA | |
| Nombre de persona | Figueiredo, Fidelino de, |
| Fechas asociadas al nombre | 1889-1967 |
| 9 (RLIN) | 50746 |
| 245 10 - MENCIÓN DEL TÍTULO | |
| Título | Como dirigi a Bibliotheca Nacional |
| Resto del título | : (fevereiro de 1918 a fevereiro de 1919) / |
| Mención de responsabilidad, etc. | Fidelino de Figueiredo. |
| 260 ## - PUBLICACIÓN, DISTRIBUCIÓN, ETC. | |
| Lugar de publicación, distribución, etc. | Lisboa : |
| Nombre del editor, distribuidor, etc. | A. M. Gixirs, |
| Fecha de publicación, distribución, etc. | 1919 ( |
| Lugar de fabricación/manufactura | Porto : |
| Fabricante | Tip. da Emp. Setter e Typographica) |
| 300 ## - DESCRIPCIÓN FÍSICA | |
| Extensión | 125 p. ; |
| Dimensiones | 22 cm. |
| 852 ## - LOCALIZACIÓN | |
| Ubicación | ES-MaACL |
| Número de control de estantería | G-3359 |
| Estatus retirado | Estado de pérdida | Estado de daño | No para préstamo | Biblioteca de origen | Biblioteca actual | Ubicación en estantería | Fecha de adquisición | Fuente de adquisición | Total de préstamos | Signatura topográfica completa | Código de barras | Visto por última vez | Precio de reemplazo | Tipo de ítem Koha |
|---|---|---|---|---|---|---|---|---|---|---|---|---|---|---|
| Biblioteca del Ateneo de Madrid | Biblioteca del Ateneo de Madrid | Depósito 2 | 17/01/2008 | G-3359 | 1066824 | 23/02/2023 | 23/02/2023 | Libro impreso |
